حق الملكية في ذاته في القانون المدني الأردني / (رقم التسجيلة. 2126)
[ عرض عادي ]
| 000 -LEADER | |
|---|---|
| fixed length control field | 00567nam a22001817a 4500 |
| 005 - DATE AND TIME OF LATEST TRANSACTION | |
| control field | 20251108164035.0 |
| 008 - FIXED-LENGTH DATA ELEMENTS--GENERAL INFORMATION | |
| fixed length control field | 250721s1993 xx 000 0 ara d |
| 082 14 - DEWEY DECIMAL CLASSIFICATION NUMBER | |
| Classification number | 347.209565/سوا |
| 100 1# - MAIN ENTRY--PERSONAL NAME | |
| Personal name | سوار، محمد وحيدالدين |
| 245 10 - TITLE STATEMENT | |
| Title | حق الملكية في ذاته في القانون المدني الأردني / |
| 264 1# - PRODUCTION, PUBLICATION, DISTRIBUTION, MANUFACTURE, AND COPYRIGHT NOTICE | |
| Place of production, publication, distribution, manufacture | عمان : |
| Name of producer, publisher, distributor, manufacturer | مكتبة دار الثقافه، |
| Date of production, publication, distribution, manufacture, or copyright notice | 1993. |
| 300 ## - PHYSICAL DESCRIPTION | |
| Extent | 251ص. |
| 650 17 - SUBJECT ADDED ENTRY--TOPICAL TERM | |
| Topical term or geographic name as entry element | الملكية |
| 650 17 - SUBJECT ADDED ENTRY--TOPICAL TERM | |
| Topical term or geographic name as entry element | القانون المدني |
| 650 17 - SUBJECT ADDED ENTRY--TOPICAL TERM | |
| Topical term or geographic name as entry element | الأردن |
| 942 ## - ADDED ENTRY ELEMENTS (KOHA) | |
| Source of classification or shelving scheme | Dewey Decimal Classification |
| Koha item type | كتب |
| حالة السحب | حالة الفقدان | مصدر التصنيف | حالة التلف | غير قابل للإعارة | المكتبة الرئيسية | المكتبة الحالية | موقع الرف | تاريخ التزويد | الرقم المتسلسل | Total Checkouts | رقم الإستدعاء | الباركود | تاريخ آخر ظهور | تاريخ الفاتورة | نوع المادة (كوها) |
|---|---|---|---|---|---|---|---|---|---|---|---|---|---|---|---|
| Withdrawn | Dewey Decimal Classification | المكتبة المركزية | المكتبة المركزية | الإعارة | 06/07/2004 | 174414 | 347.209565/سوا | 174414 | 28/07/2025 | 06/07/2004 | كتب | ||||
| Dewey Decimal Classification | Unchecked | مكتبة الجويدة | مكتبة الجويدة | الإعارة | 06/07/2004 | 3138 | 347.209565/سوا | 28/07/2025 | 06/07/2004 | كتب | |||||
| Dewey Decimal Classification | Unchecked | مكتبة النصر العامة | مكتبة النصر العامة | الإعارة | 06/07/2004 | 5186 | 347.209565/سوا | 28/07/2025 | 06/07/2004 | كتب | |||||
| Dewey Decimal Classification | Not For Loan | مكتبة تاريخ الأردن | مكتبة تاريخ الأردن | لا يعار | 03/11/2009 | 1328923 | 347.209565/سوا | PLD00116790 | 28/07/2025 | 03/11/2009 | كتب | ||||
| Dewey Decimal Classification | مكتبة صويلح العامة | مكتبة صويلح العامة | الإعارة | 17/04/2019 | {6622} | 347.209565/سوا | PLD00449758 | 28/07/2025 | 17/04/2019 | كتب | |||||
| Dewey Decimal Classification | مكتبة وادي السير العامة | مكتبة وادي السير العامة | الإعارة | 05/08/1980 | [3847].... | 347.209565/سوا | PLD00379736 | 28/07/2025 | 05/08/1980 | كتب |